000 00513nam a2200217Ia 4500
003 OSt
005 20220923230213.0
006 a|||||r|||| 00| 0
007 ta
008 Pun
024 _a278,292
037 _cTextual
040 _aARTS
_cARTS
_bPun
041 _2Pun
_aPun
082 _aQ8441wI69, 153M2
245 0 _aਜਨਮਸਾਖੀ
_b ਮਿਥ ਵਿਗਿਆਨ
260 _c1982
650 _aਧਰਮ
942 _hQ8441wI69, 153M2
_cTEXL
_2CC
999 _c383221
_d383221